书目信息 |
| 题名: |
巨人的智慧
|
|
| 作者: | 盖茨 著 | |
| 分册: | ||
| 出版信息: | 成都 四川人民出版社 1999.02 |
|
| 页数: | 338页 | |
| 开本: | 32开 | |
| 丛书名: | ||
| 单 册: | ||
| 中图分类: | F279.12 | |
| 科图分类: | ||
| 主题词: | 企业经济 | |
| 电子资源: | ||
| ISBN: | 7-220-04362-7 | |
| 000 | 00533nam0 2200193 45 | |
| 001 | 0012061571 | |
| 005 | 20001206154508.6 | |
| 010 | @a7-220-04362-7@d19.80元 | |
| 100 | @a20001206d1999 km y0chiy0120 ea | |
| 101 | 0 | @achi |
| 105 | @a z 000yy | |
| 200 | 1 | @a巨人的智慧@AJu Ren De Zhi Hui@f(美)盖茨著@F(Mei)Gai Ci Zhu |
| 210 | @a成都@c四川人民出版社@d1999.02 | |
| 215 | @a338页@d32开 | |
| 606 | 0 | @a企业经济 |
| 690 | @aF279.12@v3 | |
| 701 | 0 | @a盖茨@4著 |
| 801 | @aCN@bPftUser@c20001206 | |
| 905 | @a?b514849-851@dF279.12@eG.336@f3 | |
| 巨人的智慧/(美)盖茨著.-成都:四川人民出版社,1999.02 |
| 338页;32开 |
| ISBN 7-220-04362-7:19.80元 |
| ● |
| 相关链接 |
|
|
|
正题名:巨人的智慧
索取号:F279.12/G.336
 
预约/预借
| 序号 | 登录号 | 条形码 | 馆藏地/架位号 | 状态 | 备注 |
| 1 | 514849 | 205148491 | 社科库409/409社科库 97排3列2层/ [索取号:F279.12/G.336] | 在馆 | |
| 2 | 514850 | 205148507 | 社科库409/409社科库 97排3列2层/ [索取号:F279.12/G.336] | 在馆 | |
| 3 | 514851 | 205148516 | 社科库409/ [索取号:F279.12/G.336] | 在馆 |